[Event "Heusenstamm Schloss op-A 5th"]
[Site "Heusenstamm"]
[Date "2018.11.25"]
[Round "6"]
[White "Barski, Radoslaw"]
[Black "Gschnitzer, Adrian"]
[Result "1-0"]
[WhiteElo "2459"]
[BlackElo "2365"]
[Annotator "Gutman,L"]
[PlyCount "79"]
[EventDate "2018.11.22"]
[EventType "swiss"]
[EventRounds "7"]
[EventCountry "GER"]
[SourceTitle "EXT 2020"]
[Source "ChessBase"]
[SourceDate "2019.10.17"]
[SourceVersion "1"]
[SourceVersionDate "2019.10.17"]
[SourceQuality "1"]

1. e4 c5 2. Nf3 Nc6 3. Bb5 g6 4. Bxc6 bxc6 ({In der Partien Caruana-Carlsen,
WM London 2018, kam} 4... dxc6 5. d3 {vor.}) 5. d4 $5 ({Eine relativ neue Idee.
Bei dem üblichen} 5. O-O Bg7 6. Re1 Nh6 {konnte Schwarz sich ziemlich gut
behaupten.}) 5... Ba6 (5... Bg7 $5 {wirkt solider aus,} 6. dxc5 (6. O-O cxd4 7.
Nxd4 Nf6 $11) 6... Qa5+ (6... Nf6 7. e5 (7. Qd4 O-O $11) 7... Ng4 8. O-O Nxe5
9. Nxe5 Bxe5 10. Re1 {überlässt Weiß die Initiative,} d6 (10... Bg7 11. Qd6
Kf8 12. Qg3 $14 {Van Foreest-Piscopo, Pardubice 2018}) 11. Bh6 (11. cxd6 Qxd6
12. Qe2 Bg7 13. Nc3 O-O 14. Qxe7 Qxe7 15. Rxe7 Bf5 $11) 11... Bxb2 12. Nd2 d5
13. Rb1 $14) 7. Nbd2 Qxc5 (7... Nf6 8. O-O Qxc5 9. Nb3 Qb6 (9... Qh5 10. Re1
O-O 11. e5 Ng4 12. Bf4 $16 {Paravyan-Palachev,RUS chT 2018}) 10. e5 Ng4 11. Bf4
Ba6 12. h3 Bxf1 13. Qxf1 Nh6 14. Qc1 Ng8 15. Qd2 Rd8 16. Re1 h5 17. Be3 Qb8 18.
Bc5 Nh6 19. Nfd4 Kf8 $11) (7... Ba6 {see Text}) 8. O-O d6 9. Re1 Nf6 10. Nb3
Qb6 11. e5 dxe5 12. Nxe5 O-O 13. Be3 Qc7 14. Bd4 {Potapov-Smirnov, RUS ch
rapid 2017} Bf5 15. Qf3 Bxc2 $11) 6. dxc5 Bg7 7. Nbd2 Qa5 8. Rb1 (8. a3 Qxc5 9.
c4 Nf6 10. b4 Qb6 11. O-O O-O 12. Bb2 d6 13. Qc2 e5 $5 (13... Bc8 {
Nepomniachtchi-Dubov, RUS chT rapid 2018} 14. Rfe1 Be6 15. Bc3 $14) 14. Nb3 Qc7
$11) 8... Qxc5 ({Nach} 8... Qxa2 9. b4 {ist die schwarze Dame in Gefahr,} Bc4 (
9... Bb5 10. Rb3 f5 11. Ra3 Qe6 12. c4 fxe4 13. Ng5 $16 {Ortiz Suarez-Martinez
Duani, CUB ch 2018}) 10. e5 Nh6 (10... Be6 11. O-O Nh6 12. Bb2 O-O 13. Bc3 Bf5
14. Nd4 Qd5 15. Re1 d6 16. N2b3 $16) 11. Bb2 (11. Rb2 Qa6 12. Nxc4 Qxc4 13. Qd3
Qxd3 14. cxd3 O-O 15. Ke2 $14) 11... O-O 12. Qc1 Qa6 (12... Be6 13. Ra1 Qd5 14.
c4 Qd3 15. Ra3 $16 {Harutjunyan-Buksa, Vilnius 2018}) 13. Ra1 Qb5 14. Bc3 Bd5
15. Ra5 Qb7 16. O-O $14) 9. b4 Qb6 (9... Qd6 10. c4 Nh6 11. O-O O-O {
Kovalev-Yedigaryan, Moscow 2018} 12. Qa4 Bc8 13. c5 $14) 10. c4 d6 ({
Vorzuziehen war die schnellere Entwicklung} 10... Nf6 $5 11. O-O O-O {, etwa}
12. Bb2 (12. e5 Ng4 13. Bb2 Qxb4 14. Qc2 Qa5 15. Bc3 Qc7 $11) (12. Ba3 d6 13.
Qc2 Nh5 14. Rfd1 {Gadimbayli-Kazakovskiy, Kirishi 2016} Qc7 $11) 12... Nh5 13.
Qb3 Bxb2 14. Qxb2 Nf4 15. Qe5 Ne2+ 16. Kh1 Rfe8 17. g3 d6 18. Qb2 e5 19. Kg2
Nd4 $11) 11. O-O Nf6 12. Bb2 (12. e5 dxe5 13. Nxe5 O-O 14. Qa4 Bb7 15. Ndf3 c5
$11) 12... O-O 13. a4 $6 ({Mehr versprach} 13. Bd4 Qd8 14. Qa4 Bb7 15. Rfe1 $14
) 13... c5 $6 (13... Rfd8 $11) 14. b5 $6 ({Viel effektiver wäre} 14. a5 Qd8
15. b5 Bb7 16. e5 dxe5 17. Nb3 Nd7 18. Re1 Qc7 19. a6 Bxf3 20. Qxf3 $14) 14...
Bb7 15. Qc2 Rfd8 16. Rfe1 Nh5 17. Bxg7 ({Und hier} 17. Nf1 $5 Bxb2 18. Qxb2 e5
19. Qc3 Qc7 20. N3d2 Nf4 21. Ne3 Qd7 22. a5 Rab8 23. f3 Ne6 24. Nd5 Kg7 25. b6
$14) 17... Nxg7 18. Nf1 e5 (18... Qa5 19. Ne3 $14) 19. Qd2 Qc7 20. a5 f5 $2 ({
Eine unnötige schwäche. Zum Ausgleich reichte} 20... Rab8 $11) 21. Ng5 h6 22.
a6 hxg5 23. axb7 Qxb7 24. Qxg5 Kf7 25. exf5 Nxf5 26. Ne3 Qe7 27. Qg4 Qe6 28.
Nd5 Rd7 29. Qf3 (29. f4 e4 30. Qh3 $16) 29... Kg7 30. b6 $2 (30. Qd3 Nd4 31.
Ra1 $16) 30... Rb8 $2 (30... Rf8 31. Qd3 Nd4 $11) 31. Nc7 Qxc4 32. bxa7 Rxb1
33. Rxb1 Nd4 34. Ne8+ (34. Qb7 $18) 34... Kg8 35. Nf6+ Kg7 36. Ne8+ Kg8 37.
a8=Q Nxf3+ 38. Qxf3 (38. gxf3 Qc2 39. Ra1) 38... Qc2 39. Rf1 Rf7 40. Qd5 1-0

[Event "RUS-ch"]
[Site "Elista"]
[Date "1994.??.??"]
[Round "8"]
[White "Arkhipov, Sergey"]
[Black "Yakovich, Yuri"]
[Result "1-0"]
[WhiteElo "2495"]
[BlackElo "2515"]
[Annotator "Hansen,Cu"]
[PlyCount "61"]
[EventDate "1994.09.??"]
[EventType "swiss"]
[EventRounds "11"]
[EventCountry "RUS"]
[SourceTitle "CBM 044"]
[Source "ChessBase"]
[SourceDate "1995.02.01"]
[SourceVersion "1"]
[SourceVersionDate "1995.02.01"]
[SourceQuality "1"]

1. e4 {Tiviakov Arkhipov} c5 2. Nf3 Nc6 3. Bb5 g6 4. Bxc6 bxc6 (4... dxc6 5.
O-O Bg7 6. d3 Nf6 7. Bd2 $5) 5. O-O (5. d4 Bg7 6. dxc5 Qa5+ 7. Bd2 Qxc5 8. Bc3
Nf6 9. Bd4 Qa5+ 10. Qd2 Qxd2+ 11. Nbxd2 O-O $10) 5... Bg7 6. Re1 (6. d3 $6 d6
7. Re1 e5 $5 8. Bg5 Ne7 9. Qc1 h6 10. Be3 f5 $15) 6... Nh6 7. c3 (7. d4 cxd4 8.
e5 (8. Nxd4 f6 9. c4 c5 10. Bxh6 Bxh6 11. Nf5 Bf8 12. e5 e6 13. exf6 Bb7 14.
Nc3 Qxf6 15. Nd6+ Bxd6 16. Qxd6 Rf8 17. Qxc5 Rc8 18. Qxa7 Bxg2 19. Kxg2 Qf3+
20. Kf1 Qh3+ 21. Ke2 Qg4+ {Azmaiparashvili,Z-Antunes,A/Sevilla op (9) 1994/1-0
(54)}) 8... c5 9. c3 Bb7 10. cxd4 cxd4 11. Nxd4 O-O 12. Bf4 Rc8 13. Nc3 Qb6 14.
Qd2 Rc4 15. Rad1 Nf5 16. Nxf5 gxf5 17. b3 Qg6 18. Bg3 Rc7 19. Nd5 Bxd5 20. Qxd5
Rfc8 21. Bf4 Bh6 22. Qd4 Bxf4 23. Qxf4 {Hector,J-Mortensen,E/Vejle 1994/0-1 
(41)}) (7. d3 f6 8. e5 fxe5 9. Nxe5 O-O 10. Nc3 Nf5 11. Bg5 Qc7 12. Ng4 d6 13.
Qc1 Rb8 14. Rb1 Kh8 15. Nh6 e5 16. Nxf5 gxf5 17. f4 Rg8 18. Kh1 Qf7 19. Qd2 Be6
20. Qf2 c4 21. Bh4 cxd3 22. cxd3 {Mainka,R-Kjeldsen,Jens/Århus 1993/1-0 (34)})
(7. e5 O-O 8. Nc3 f6 9. exf6 Rxf6 10. Qe2 d5 11. Qxe7 Qxe7 12. Rxe7 Bg4 13. Ng5
Nf5 14. Rb7 Nd4 15. b4 h6 16. bxc5 hxg5 17. Bb2 Rf7 18. Rb4 Bf5 {0-1 Sofieva,
A-Marin,M/Sitges Op(4) 1994}) 7... O-O (7... f6 8. d4 cxd4 9. cxd4 d6 10. b3
O-O 11. Bb2 Nf7 12. Nbd2 Be6 13. d5 Bd7 14. Nd4 c5 15. Nc2 Bh6 16. Nc4 Ne5 17.
N2e3 Qc8 18. g3 {1/2-1/2 Hall,J-Antunes,A/Mondariz ACEIMAR op(04) 1994}) 8. h3
(8. d4 cxd4 9. cxd4 d6 (9... d5 10. e5 Bg4 (10... f6 11. Nbd2 g5 12. h3 g4 13.
hxg4 Nxg4 14. b3 fxe5 15. dxe5 Qb6 16. Re2 Ba6 17. Ba3 Bxe2 18. Qxe2 Rf5 19.
Rc1 Nxe5 20. Bc5 Qb5 21. Qe3 Qd3 22. Qe1 Raf8 {0-1 Poluljahov,A-Velimirovic,D/
Belgrade Beopromet (04) 1993}) 11. Nbd2 $1 (11. h3 Bxf3 12. Qxf3 Nf5 $10) 11...
Qb6 12. b3 (12. h3 Bxf3 13. Nxf3 c5 14. dxc5 Qxc5 15. Be3 Qb5 $10) 12... c5 $8
13. Ba3 $5 cxd4 14. Bxe7 Rfe8 15. Bg5 Bd7 $1 (15... Nf5 16. h3 Bxf3 17. Nxf3 h6
18. Bc1 $1 $14) 16. Nf1 Nf5 17. g4 $1 (17. Ng3 Nxg3 18. hxg3 Bg4 19. Qxd4 Bxf3
20. Qxb6 axb6 21. gxf3 Rxe5 $10) 17... Ne7 18. Nxd4 Nc6 $1 19. Nxc6 Bxc6 (19...
Qxc6 $5 20. Bf4 $5) 20. Be3 d4 $5 21. Qxd4 Qb7 22. f4 $8 Rad8 (22... Bf3 23. h3
) (22... Bh1 23. Qd2) (22... Red8 23. Qb2 $8) 23. Qxa7 $1 Qc8 24. h3 Qe6 25.
Red1 (25. Rad1 Ra8 $1) 25... h5 26. Qb6 $1 Rb8 27. Qc7 Bd5 $8 28. Qc5 Ba8 29.
Qc4 Qe7 30. Qe2 hxg4 $6 31. Qxg4 Qb7 {Psakhis,L-Dautov,R/Nimes 51/148 1991/1-0
(48)}) 10. Nc3 (10. h3 Rb8 11. Nc3 f6 12. Qc2 Nf7 13. b3 Bd7 14. Bb2 Qc8 15.
Rad1 Kh8 16. Qd2 Rb7 17. Ne2 Rb5 18. Ng3 Qa6 19. Ba1 e6 20. Ne2 e5 21. dxe5
fxe5 22. Nc3 Rbb8 23. Ng5 Nxg5 24. Qxg5 Rf6 {Becerra,G-Spangenberg,H/
Capablanca mem-A(04) 1994/1-0 (42)}) 10... f6 11. b3 Nf7 12. Bb2 Qa5 (12... Bd7
13. Qe2 Qa5 14. Nd2 Rfe8 15. Nc4 Qa6 16. Rad1 e6 17. Qc2 Rac8 18. f4 d5 19. Ne3
Nd6 20. e5 fxe5 21. dxe5 Nf5 22. Nxf5 gxf5 23. Na4 c5 24. Nxc5 Qxa2 25. b4 Qa6
26. Qd2 Qb6 27. Bd4 {Slobodjan,R-Diaz,J.C/Capablanca mem-B(07) 1994/1-0 (41)})
13. Qc2 (13. Nd2 Be6 14. Qe2 Rac8 15. Nc4 Qa6) 13... Bd7 14. Nd2 Rac8 15. Nc4
Qa6 16. Rad1 Be6 17. Ne3 Bh6 18. Qb1 $1 Rfe8 19. d5 cxd5 20. Ncxd5 Kf8 21. f4
Nd8 22. f5 Bf7 23. Nc4 Bg7 24. Qa1 (24. Qa1 {Illescas Cordoba,M-Kramnik,V (5)/
Alcobendas m 1993/1/2-1/2 (60)}) 24... Kg8 25. Nxf6+ Bxf6 26. Bxf6 Bxc4 27. Bh8
e5 28. fxe6 Nxe6 29. bxc4 Rf8 30. e5 dxe5 31. Rxe5 Rf7 32. Rde1 Nf8 33. c5 Qc4
34. Rc1 Qb4 35. h3 Qd2 36. Ree1 Rxc5 37. Rxc5 Qf2+ 38. Kh1 Qxc5 {Illescas,
M-Kramnik,V/Match(05) 1993/1/2-1/2 (60)}) 8... f6 9. d4 cxd4 10. cxd4 Nf7 11.
Nc3 d6 12. b3 (12. Be3 Bd7 13. Rc1 Qa5 14. Nd2 f5 15. Nb3 Qd8 16. Qe2 a5 17.
Nd2 Qb6 18. Nf3 fxe4 19. Nxe4 Nh6 20. d5 c5 21. Bxh6 Bxh6 22. Neg5 Rae8 23. Rc3
Rf5 24. Rb3 Qa7 25. h4 Qa8 26. Re3 Bf8 {Votava,J-Riegler,P/Matinhos WJC 1994/1/
2-1/2 (41)}) 12... f5 (12... Qa5 13. Bd2 Qa6 14. Rc1 Re8 15. Re2 Bd7 16. Be3
Rad8 17. Rd2 f5 18. e5 h6 19. h4 Be6 20. exd6 exd6 21. d5 Bd7 22. dxc6 Bxc6 23.
Bd4 Be5 $17 24. Bxe5 dxe5 25. Nd5 Bxd5 26. Rxd5 e4 27. Nh2 Rxd5 28. Qxd5 {
Magem-Mortensen,Erling/EU-chT 1992/0-1 (39)}) 13. Bb2 {/\Qd2,d4-d5} (13. e5 $6
{Arkhipov} dxe5 14. dxe5 Qxd1 15. Nxd1 Be6 16. Nc3 Bd5 $15) 13... fxe4 14. Nxe4
Bd7 (14... Qa5 {Arkhipov} 15. Ned2 Re8 16. Nc4 Qd5 17. Ne3 Qh5 18. Rb1 {/\d5|^}
) 15. Rc1 (15. Qd2 $1 {Arkhipov} Qb6 (15... a5 16. Re2 a4 17. b4 a3 18. Bc3 {
/\Rae1+/=}) 16. Re2 Rae8 17. Rae1 Nd8 18. Neg5 h6 19. Rxe7 $16) 15... Qa5 16.
Bc3 Qd5 $10 (16... Qxa2 {Arkhipov} 17. Ra1 $18) 17. Rc2 {/\Rce2, <->e} (17. Ng3
$5 {Tiviakov} Rae8 18. Nf1 {/\ Ne3}) 17... Nh6 18. Neg5 Nf5 19. Rce2 c5 (19...
Rae8 $5 20. Ne6 Bxe6 21. Rxe6 c5 22. R6e4 $10) (19... Nh4 {Arkhipov} 20. Nxh4
Qxg5 21. Rxe7 Bxh3 (21... Qxh4 22. Rxd7 Qxf2+ 23. Kh1 $14) 22. Rxg7+ $1 Kxg7
23. d5+ Rf6 24. Qf3 Qxh4 25. Re7+ Kg8 26. Bxf6 $18) 20. Rxe7 $1 Nxe7 21. Rxe7
$44 {/\22.Rxg7+ Kxg7 23.dxc5+ +-} Bc6 (21... Bf6 {Arkhipov} 22. Rxd7 Bxg5 23.
Nxg5 Qxg5 24. dxc5 $18) (21... Bf5 {Arkhipov} 22. Rxg7+ Kxg7 23. dxc5+ $18) 22.
Qd3 {/\dxc5} (22. Ne6 Bf6 23. Nc7 Qf5 $17) 22... Rae8 (22... Bf6 $2 23. Nxh7 (
23. Rxh7 $18 {Arkhipov}) 23... Bxe7 24. Qxg6+ $18) (22... Rfe8 $5 23. Rc7 (23.
Rxg7+ Kxg7 24. dxc5+ Kg8 $17) 23... Rec8 $10 (23... cxd4 24. Bxd4 Bxd4 25. Qxd4
Re1+ 26. Kh2 Qxd4 27. Nxd4 $16) (23... Rec8 {Arkhipov} 24. Re7 $10)) (22...
cxd4 23. Bxd4 Bxd4 24. Qxd4 Qxd4 25. Nxd4 $16) (22... h6 $4 {Arkhipov} 23. Qxg6
$18) 23. Rxa7 Rf5 $2 (23... Bb7 $1 24. Qc4 Qxc4 25. bxc4 Bxf3 26. Nxf3 $15) 24.
dxc5 $1 $18 Rxg5 (24... Qxd3 25. Rxg7+ Kh8 (25... Kf8 {Arkhipov} 26. Nxh7#) 26.
Rxh7+ Kg8 27. Rh8#) (24... Re1+ {Arkhipov} 25. Nxe1 $18) (24... Bh6 {Arkhipov}
25. Qxd5+ Rxd5 26. Nxh7 Rd1+ 27. Kh2 Bf4+ 28. g3 Be5 29. Bxe5 Bxf3 30. Nf6+ Kf8
31. Bxd6+ $18) 25. Rxg7+ Kf8 26. Qxd5 Rxd5 27. cxd6 Rd3 (27... Rd1+ {Arkhipov}
28. Kh2 Bxf3 29. gxf3 Rxd6 $18) (27... Rxd6 {Tiviakov} 28. Ng5 Rd1+ 29. Kh2 $18
) 28. Rc7 $1 (28. Bb2 {Arkhipov} Rd1+ 29. Kh2 Bxf3 30. gxf3 Re2) 28... Rxc3 29.
d7 Ra8 (29... Rd8 {Tiviakov} 30. Ne5 $18) 30. Ne5 Ke7 31. Nxc6+ 1-0

[Event "Olympiad-31"]
[Site "Moscow"]
[Date "1994.12.06"]
[Round "6.1"]
[White "Rozentalis, Eduardas"]
[Black "Timman, Jan H"]
[Result "1/2-1/2"]
[WhiteElo "2595"]
[BlackElo "2635"]
[Annotator "Hansen,Cu"]
[PlyCount "67"]
[EventDate "1994.12.01"]
[EventType "team-swiss"]
[EventRounds "14"]
[EventCountry "RUS"]
[SourceTitle "CBM 045"]
[Source "ChessBase"]
[SourceDate "1995.04.01"]
[SourceVersion "1"]
[SourceVersionDate "1995.04.01"]
[SourceQuality "1"]
[WhiteTeam "Lithuania"]
[BlackTeam "Netherlands"]
[WhiteTeamCountry "LTU"]
[BlackTeamCountry "NED"]

1. e4 c5 2. Nf3 Nc6 3. Bb5 g6 4. O-O Bg7 5. c3 Nf6 6. Re1 O-O 7. d4 cxd4 8.
cxd4 a6 $5 (8... d5 9. e5 Ne4) (8... d6 9. h3 (9. d5 Nb8 10. Nc3 a6 11. Bf1
Nbd7 12. Bg5 b5 13. a3 Bb7 14. Qd2 Re8 15. Red1 Rc8 16. Qf4 Qb6 17. Qh4 e6 18.
dxe6 Rxe6 19. Nd4 Ree8 20. Be3 Qd8 21. Bg5 Qb6 22. Be3 Qd8 23. f3 d5 24. exd5
Nxd5 25. Qxd8 Rcxd8 26. Nxd5 Bxd5 27. Nxb5 Bb3 28. Rd2 axb5 29. Bxb5 Ne5 30.
Bxe8 Rxe8 31. Bf2 Be6 32. Rad1 Nc4 33. Rd8 Kf8 {1-0 Esain,M-Campos,A/Ibercaja
op 1992}) 9... a6 (9... Qb6 10. Nc3 a6 11. Ba4 Nd7 12. Nd5 Qd8 13. Bg5 f6 14.
Be3 Kh8 15. Rc1 Ndb8 16. Qd2 e6 17. Nf4 d5 18. exd5 exd5 19. Nd3 Na5 20. Rxc8
Qxc8 21. Qxa5 Qc4 22. Nc5 Qxa2 23. Qc7 Nc6 24. Bxc6 bxc6 {Jozsa,C-Fodre,S/
HUN-chT2 9293 (08) 1993/1-0 (35)}) (9... Bd7 10. Nc3 h6 11. Be3 Qa5 12. Bd3 a6
13. a3 b5 14. Qd2 Kh7 15. e5 Ng8 16. b4 Qd8 17. Bf4 dxe5 18. dxe5 Bf5 19. Ne4
Nd4 20. Nxd4 Qxd4 21. Rad1 Rad8 22. g4 Bxe4 23. Rxe4 Qb6 24. Be3 {Mascarinas,
R-Scarella,E/Buenos Aires ARG-WORLD (10) 1994/1-0 (72)}) 10. Bf1 e5 (10... Bd7
11. Nc3 Rc8 12. Bg5 b5 13. a4 Nb4 14. axb5 axb5 15. Qb3 Nc6 16. Nxb5 Rb8 17.
Qa3 Qb6 18. d5 Ra8 19. Qxa8 Rxa8 20. Rxa8+ Nb8 21. Be3 Qb7 22. Ra7 Qc8 23. Rc1
Qd8 24. Nfd4 Qe8 25. Ra8 {1-0 Fleischmann,A-Blumberg,L/Zurich open 1989}) 11.
Nc3 exd4 12. Nxd4 Nxd4 13. Qxd4 Be6 14. Qb4 b5 15. Rd1 Ne8 16. Bf4 Qh4 17. Bg3
Qg5 18. a4 bxa4 19. Rxa4 a5 20. Qb6 Be5 21. Rxa5 Rxa5 22. Qxa5 Bb3 23. Rd3 {
Bisguier,A-Saidy,A/USA-ch (06) 1965/1/2-1/2 (53)}) 9. Bxc6 (9. Bf1 d5 (9... d6
10. d5 Ne5 11. Nxe5 dxe5 12. Nc3 Bd7 13. Qb3 b5 14. Be3 Rb8 15. f3 Ne8 16. Nb1
Nd6 17. Nd2 Re8 18. Rac1 a5 19. Qd1 e6 20. Nb3 exd5 21. exd5 Nf5 22. Bf2 Bh6
23. Rc2 a4 24. Nc5 {Gurgenidze,B-Furman,S/URS-ch26 Tbilisi (03) 1959/1/2-1/2 
(42)}) 10. e5 Ne4 11. Nbd2 Bf5 12. Nb3 f6 13. exf6 exf6 14. Nfd2 Nxd2 15. Bxd2
Qd6 16. Bc3 Bh6 17. Nc5 b6 18. Na4 b5 19. Nc5 b4 20. Bd2 Bxd2 21. Qxd2 a5 22.
Rac1 Ra7 23. g3 Re7 24. Rxe7 Nxe7 {Djurhuus,R-Wirthensohn,H/EU-chT Haifa (6)
1989/1-0 (35)}) (9. Bd3 d5 10. e5 Ne4 11. Nc3 Bg4 12. Nxe4 Bxf3 13. Qxf3 Nxd4
14. Qg4 dxe4 15. Qxe4 Nc6 16. f4 f6 17. exf6 exf6 18. f5 Kh8 19. Bf4 g5 20.
Bxg5 Rf7 21. Bf4 Re7 22. Qc4 Na5 23. Qc3 Rd7 24. Rad1 Rc8 25. Qd2 Bf8 {1/2-1/2
Hort,V-Timman,J/Nica (ol) 17/367 1974}) 9... dxc6 10. h3 (10. Nc3 Bg4 $132)
10... c5 (10... Nd7 11. Nc3 b5 12. Bg5 h6 13. Be3 Bb7 14. Qc1 Kh7 15. Rd1 Qc7
16. Bf4 Qb6 17. Qc2 Rfd8 18. Be3 Rac8 19. b4 a5 20. a3 Qc7 21. e5 Nb6 22. Ne4
Nc4 23. Bf4 Ra8 24. Bg3 Qb6 25. Nc5 {Sax,Gy-Gesos,P/Magyarorszag (ch) 20/373
1975/1-0 (41)}) (10... a5 11. Nc3 b5 12. Bf4 Qb6 13. Qc2 Be6 14. Be3 Qb7 15.
Ne2 Rfd8 16. Nf4 Bd7 17. Ne5 Be8 18. f3 Rac8 19. Rac1 e6 20. Nfd3 h6 21. Qd2
Qa8 22. Bxh6 Bxh6 23. Qxh6 Rxd4 24. Nc5 Qa7 25. Qe3 {Ulibin,M-Vallet,R/Iraklio
op (01)/1993/1-0 (43)}) 11. d5 (11. dxc5 $2 Qxd1 12. Rxd1 Nxe4 $17) (11. Nc3
cxd4 12. Nxd4 Ng4 13. hxg4 Qxd4 14. Qe2 Be6 15. Rd1 Qc4 16. Qxc4 Bxc4 17. Nd5
Be2 18. Re1 Bxg4 19. Nxe7+ Kh8 20. Nd5 Rac8 21. Bf4 Be6 22. Rac1 h6 23. b3 Rxc1
24. Rxc1 g5 25. Be3 Be5 {Georg,M-Wirthensohn,H/Lenk op 1992/1/2-1/2 (39)})
11... e6 12. d6 {/\13.e5+/-} (12. dxe6 Bxe6 $17 {^^}) 12... e5 13. Nc3 (13.
Nxe5 Ne8 (13... Re8 14. f4 $14) 14. Bf4 (14. Nc4 b5 $17) 14... Qxd6 $15) 13...
Re8 14. Be3 b6 15. Qd3 Ra7 {/\Rd7,Bb7 -/+} 16. b4 c4 (16... cxb4 $5 17. Na4 Nd7
(17... Rd7 $2 18. Rad1 $16) 18. Rac1 a5 $13) 17. Qxc4 Qxd6 18. Red1 $14 {
>< Pb6, <-> d, ><d5} Rc7 $132 {<-> c, קb4, קe4} 19. Qb3 Qe6 20. Nd5 Nxd5 21.
exd5 (21. Rxd5 $2 Bb7 22. Ng5 Qf6 23. Rd3 h6 $17) 21... Qd6 22. Nd2 $1 {
/\Ne4//\Nc4 , d5-d6} (22. Rac1 Rxc1 23. Rxc1 Bb7 $15) 22... e4 23. Nc4 Rxc4 $8
(23... Qf6 24. Bd4 $16) (23... Qd8 24. Bxb6 $16) 24. Qxc4 Bxa1 25. Rxa1 Bb7 26.
Rd1 Rd8 (26... Rc8 27. Qd4 $14) 27. a4 (27. Qxe4 Bxd5 28. Qd4 f6 $1 $14) 27...
f6 (27... Bxd5 $2 28. Qxa6 $16 Qxb4 $2 29. Rxd5 $18) 28. Qxe4 Bxd5 29. Qd4 $14
Rd7 (29... b5 30. axb5 axb5 31. Bf4 $14) 30. b5 (30. Qxb6 Qxb6 31. Bxb6 Bc6 $10
) 30... axb5 31. axb5 Kg7 32. Rd2 $6 (32. Qxb6 Qxb6 33. Bxb6 Kf7 $14 (33... Bc6
$6 34. Rb1)) 32... Qe6 33. h4 $6 Qf5 $132 34. f3 (34. Qxb6 Qg4 (34... Qb1+ 35.
Kh2 Qe4 36. f4 $13) (34... Qe4 35. f4 Rb7 36. Qc5 Qb1+ 37. Kh2 Rxb5 38. Qe7+
Bf7 39. Rd6 $16) 35. f3 Qxh4 $132) (34. f3 Qb1+ 35. Kh2 Qxb5 36. Qxb6 $10)
1/2-1/2